000 00828nam a2200241 a 4500
001 000042487
005 20201002040202.0
008 131204s1973 sp 000 0 spa d
020 _a843061107X
040 _aDO-SdBNP
_bspa
_cBNPHU
041 1 7 _aspa
_heng
082 _axxxx
_bA696R
100 1 _aRekers, Ben,
_d1921-
_969678
240 1 0 _aBenito Arias Montano
_lEspañol
245 1 0 _aArias Montano /
_cBen Rekers ; versión española y epílogo de Angel Alcalá.
260 _aMadrid :
_bTaurus,
_c1973.
300 _a261 p. ;
_c21 cm.
490 1 _aEnsayistas
_v107
500 _aIncluye referencias bibliográficas y notas al pie de las páginas
500 _aIncluye datos biográficos del autor en la solapa de la contracubierta
700 1 _aAlcalá Galve, Ángel,
_d1928-
_969679
830 0 _aEnsayistas
_n107
_969680
999 _c41976
_d41976